000 00817nam a2200253Ia 4500
003 OSt
005 20220923225305.0
006 a|||||r|||| 00| 0
007 ta
008 220922b |||||||| |||| 00| 0 hin d
024 _a262,074
037 _cTextual
040 _aARTS
_cARTS
_bhin
041 _2hin
_ahin
082 _aO15,2:g,VA, L5
100 _aहंसराज, संपा.
245 0 _aवासवदत्ता जब स्वप्न में आयी
246 _aVāsavadattā jab svapna mean āyī
260 _aपटना
_b साहित्य सदन
_c1975
300 _a42पृ.
_ccm.
650 _aसंस्कृत साहित्य
942 _hO15,2:g,VA, L5
_cTEXL
_2CC
999 _c377250
_d377250